Logo BPK

Biblioteka

Politechniki Koszalińskiej

Wybrane metody poprawy właściwości liniowych serwonapędów elektrohydraulicznych : (Rekord nr 36546)

Szczegóły MARC
000 -ETYKIETA REKORDU
podpole kontrolne o stałej długości 00937nam a2200253 i 4500
001 - NUMER KONTROLNY REKORDU
pole kontrolne bg
040 ## - ŹRÓDŁO KATALOGOWANIA
Instytucja, która utworzyła rekord BPK
041 0# - KOD JĘZYKA
Kod języka tekstu pl
Kod języka streszczenia lub abstraktu en
080 ## - UNIWERSALNA KLASYFIKACJA DZIESIĘTNA - UKD
UKD 62-82-52:004.94
008 - POLE O STAŁEJ DŁUGOŚCI - DANE KONTROLNE
podpole kontrolne o stałej długości s pl f |000 0 pol
100 1# - NAZWA OSOBOWA
Nazwa osobowa MILECKI, Andrzej
245 10 - TYTUŁ/ODPOWIEDZIALNOŚĆ
Tytuł Wybrane metody poprawy właściwości liniowych serwonapędów elektrohydraulicznych :
Ciąg dalszy tytułu podstawy teoretyczne, konstrukcja, badania symulacyjne i doświadczalne /
Pozostałe elementy strefy tytułu i oznaczenia odpowiedzialności Andrzej Milecki.
260 ## - STREFA ADRESU WYDAWNICZEGO
Miejsce wydania Poznań :
Nazwa wydawcy/dystrybutora Wydaw. PP,
Data publikacji, dystrybucji/powstania dokumentu 1999.
300 ## - STREFA OPISU FIZYCZNEGO
Objętość 140, [1] s. :
Inne cechy fizyczne fot., rys., wykr. ;
Rozmiary 24 cm.
490 1# - STREFA SERII I DOKUMENTU WIELOCZĘŚCIOWEGO - FORMA NIE DO WYSZUKIWANIA
Tytuł i oznaczenie odpowiedzialności serii Rozprawy / Politechnika Poznańska,
ISSN 0551-6528 ;
Numeracja w obrębie serii nr 343
500 ## - UWAGI OGÓLNE
Tekst uwagi Streszcz ang.
504 ## - UWAGA DOTYCZĄCA BIBLIOGRAFII
Informacje o bibliografii Bibliogr. s. 133-140.
650 #9 - HASŁO PRZEDMIOTOWE W FORMIE NAZWY OGÓLNEJ LUB JEDNOSTKOWEJ
Nazwa ogólna lub geograficzna Napęd elektrohydrauliczny
650 #9 - HASŁO PRZEDMIOTOWE W FORMIE NAZWY OGÓLNEJ LUB JEDNOSTKOWEJ
Nazwa ogólna lub geograficzna Regulatory
Określnik ogólny stosowanie
650 #9 - HASŁO PRZEDMIOTOWE W FORMIE NAZWY OGÓLNEJ LUB JEDNOSTKOWEJ
Nazwa ogólna lub geograficzna Sterowanie
Określnik ogólny urządzenia
-- automatyzacja
650 #9 - HASŁO PRZEDMIOTOWE W FORMIE NAZWY OGÓLNEJ LUB JEDNOSTKOWEJ
Nazwa ogólna lub geograficzna Symulacja
Określnik ogólny stosowanie
-- technika
830 #0 - HASŁO DODATKOWE SERII LUB DOKUMENTU WIELOCZĘŚCIOWEGO - TYTUŁ UJEDNOLICONY
Tytuł ujednolicony Rozprawy (Politechnika Poznańska) ;
Oznaczenie tomu nr 343
856 ## - LOKALIZACJA I DOSTĘP DO ELEKTRONICZNYCH DOKUMENTÓW ZDALNYCH
Link (URL) http://koha.tu.koszalin.pl/cgi-bin/koha/opac-detail.pl?biblionumber=36546
Tekst linku Katalog online BPK
942 ## - DODATKOWE ELEMENTY (KOHA)
Typ dokumentu Książka
Egzemplarze
Wycofany Status egzemplarza Uszkodzony Dostępność Lokalizacja stała Lokalizacja bieżąca Miejsce przechowywania Sygnatura Kod kreskowy Typ dokumentu
      Dostępny Biblioteka Politechniki Koszalińskiej Biblioteka Politechniki Koszalińskiej Wypożyczalnia BG 51111 01459357 Książka
© 2023 Biblioteka Politechniki Koszalińskiej :: KOHA